<?xml version="1.0" encoding="UTF-8"?>
<record
    xmlns:xsi="http://www.w3.org/2001/XMLSchema-instance"
    xsi:schemaLocation="http://www.loc.gov/MARC21/slim http://www.loc.gov/standards/marcxml/schema/MARC21slim.xsd"
    xmlns="http://www.loc.gov/MARC21/slim">

  <leader>00729cam a22002293a 4500</leader>
  <datafield tag="999" ind1=" " ind2=" ">
    <subfield code="c">155666</subfield>
    <subfield code="d">155666</subfield>
  </datafield>
  <controlfield tag="005">20190222131906.0</controlfield>
  <datafield tag="010" ind1=" " ind2=" ">
    <subfield code="a">B-701243-244</subfield>
  </datafield>
  <datafield tag="020" ind1=" " ind2=" ">
    <subfield code="a">9789352750931</subfield>
    <subfield code="c">199.00</subfield>
  </datafield>
  <datafield tag="035" ind1=" " ind2=" ">
    <subfield code="a">B-701243-244</subfield>
  </datafield>
  <datafield tag="037" ind1=" " ind2=" ">
    <subfield code="b">DBAD</subfield>
  </datafield>
  <datafield tag="082" ind1=" " ind2=" ">
    <subfield code="a">S</subfield>
  </datafield>
  <datafield tag="100" ind1=" " ind2=" ">
    <subfield code="a">K.Krishna </subfield>
  </datafield>
  <datafield tag="245" ind1=" " ind2=" ">
    <subfield code="a">No touch /</subfield>
    <subfield code="c">by K.Krishna illustrated by Ayeshe Sadr &amp; Ishaan Dasgupta </subfield>
  </datafield>
  <datafield tag="260" ind1=" " ind2=" ">
    <subfield code="a">Gurgaon </subfield>
    <subfield code="b">Scholastic Inc.</subfield>
    <subfield code="c">2017</subfield>
  </datafield>
  <datafield tag="270" ind1=" " ind2=" ">
    <subfield code="a">A-27, Ground Floor, Sigma Centre, Infocity, Sector-34</subfield>
    <subfield code="b">Gurgaon</subfield>
    <subfield code="e">122001</subfield>
  </datafield>
  <datafield tag="300" ind1=" " ind2=" ">
    <subfield code="a">u.p. </subfield>
    <subfield code="c">24cm. (hb)</subfield>
    <subfield code="b">illus. </subfield>
  </datafield>
  <datafield tag="490" ind1=" " ind2=" ">
    <subfield code="a">The watch out!</subfield>
  </datafield>
  <datafield tag="700" ind1=" " ind2=" ">
    <subfield code="a">Sadr, Ayeshe </subfield>
  </datafield>
  <datafield tag="700" ind1=" " ind2=" ">
    <subfield code="a">Dasgupta, Ishaan </subfield>
  </datafield>
  <datafield tag="942" ind1=" " ind2=" ">
    <subfield code="2">ddc</subfield>
    <subfield code="c">CH</subfield>
    <subfield code="h">S</subfield>
    <subfield code="m">KRI</subfield>
  </datafield>
  <datafield tag="952" ind1=" " ind2=" ">
    <subfield code="0">0</subfield>
    <subfield code="1">0</subfield>
    <subfield code="4">0</subfield>
    <subfield code="7">0</subfield>
    <subfield code="8">FIC</subfield>
    <subfield code="a">AV</subfield>
    <subfield code="b">AV</subfield>
    <subfield code="d">2018-08-08</subfield>
    <subfield code="e">DBAD/Children/Gift/02.08.2018 </subfield>
    <subfield code="g">199.00</subfield>
    <subfield code="l">2</subfield>
    <subfield code="m">2</subfield>
    <subfield code="o">S KRI</subfield>
    <subfield code="p">B-701243</subfield>
    <subfield code="r">2023-02-27 00:00:00</subfield>
    <subfield code="s">2023-02-25</subfield>
    <subfield code="t">2</subfield>
    <subfield code="v">199.00</subfield>
    <subfield code="w">2018-08-08</subfield>
    <subfield code="y">CH</subfield>
  </datafield>
  <datafield tag="952" ind1=" " ind2=" ">
    <subfield code="0">0</subfield>
    <subfield code="1">0</subfield>
    <subfield code="4">0</subfield>
    <subfield code="7">0</subfield>
    <subfield code="8">FIC</subfield>
    <subfield code="a">AV</subfield>
    <subfield code="b">AV</subfield>
    <subfield code="d">2018-08-08</subfield>
    <subfield code="e">DBAD/Children/Gift/02.08.2018 </subfield>
    <subfield code="g">199.00</subfield>
    <subfield code="l">3</subfield>
    <subfield code="o">S KRI</subfield>
    <subfield code="p">B-701244</subfield>
    <subfield code="r">2025-07-18 00:00:00</subfield>
    <subfield code="s">2025-07-01</subfield>
    <subfield code="t">2</subfield>
    <subfield code="v">199.00</subfield>
    <subfield code="w">2018-08-08</subfield>
    <subfield code="y">CH</subfield>
  </datafield>
</record>
